| 000 | 02201nam0a2200457 4500 | ||
|---|---|---|---|
| 001 | RU\NLR\bibl\1735199 | ||
| 005 | 20260405212228.0 | ||
| 010 |
_a978-5-91713-029-3 _92000 |
||
| 021 |
_aRU _b2011-228 _917 |
||
| 035 | _a(NLR Aleph) 001726133 | ||
| 090 |
_a1370390 _c1370390 |
||
| 100 | _a20110211d2011 |||y0rusy50 ca | ||
| 101 | 1 |
_arus _ceng |
|
| 102 | _aRU | ||
| 105 | _aa ||||||||| | ||
| 200 | 1 |
_aРепродуктивная эндокринология _fГенри М. Кроненберг , Шломо Мелмед, Кеннет С. Полонски, П. Рид Ларсен _gпер. с англ. под ред. акад. РАН и РАМН И. И. Дедова, чл.-кор. РАМН Г. А. Мельниченко |
|
| 210 |
_aМосква _cРид Элсивер _d2011 |
||
| 215 |
_a409, [1] с. _cил., цв. ил. _d25 |
||
| 225 | 1 | _aЭндокринология по Вильямсу | |
| 300 | _aЗагл. ориг.: Williams textbook of endocrinology | ||
| 320 | _aБиблиогр. в конце гл. | ||
| 320 | _aПредм. указ. в конце кн. | ||
| 454 | 0 |
_12001#$aWilliams textbook of endocrinology _1320##$aБиблиогр. в конце гл. _tWilliams textbook of endocrinology |
|
| 606 | 1 |
_aРепродуктивная эндокринология _jРуководства, пособия и т.п. _92038783 _3RU\NLR\auth\661223828 |
|
| 606 | 1 |
_aМужские половые органы _jРуководства, пособия и т.п. _xБолезни _91292192 _3RU\NLR\auth\66216683 |
|
| 606 | 1 |
_aСексопатология _jРуководства, пособия и т.п. _91531345 _3RU\NLR\auth\66666816 |
|
| 686 | _aР712.5я7 | ||
| 686 | _aР696.6я7 | ||
| 686 | _aР705я7 | ||
| 701 | 1 |
_aКроненберг _bГ. М. _gГенри М _4070 |
|
| 701 | 1 |
_aМелмед _bШ. _gШломо _4070 |
|
| 701 | 1 |
_aПолонски _bК. С. _gКеннет С _4070 |
|
| 701 | 1 |
_4070 _8rus _7ca _aЛарсен _bП. Р. _gП. Рид _3RU\NLR\auth\7795335 _978261 |
|
| 801 | 0 |
_aRU _bNLR _c20110211 _gRCR |
|
| 801 | 1 |
_aRU _bNLR _c20110211 |
|
| 942 | _cBOOK | ||
| 980 | _aNB | ||
| 980 | _aSUPPRESS | ||
| 980 | _aNBR | ||